Analyse des politiques de cooperation internationale du Canada : des projets d'aide à la stratégie de développement /

Saved in:
Bibliographic Details
Main Author: Sabourin, Louis.
Format: Book
Language:French
Published: Ottawa, Ont. : Université d'Ottawa, 1975.
Series:Papers and documents of the I.C.I.
Subjects:
Tags: Add Tag
No Tags, Be the first to tag this record!
LEADER 00977nam a2200253 a 4500
001 008917883-1
005 20060107214033.0
008 020523s1975 onc b 000|0 fre d
035 0 |a ocm62515085 
043 |a d------  |a n-cn--- 
090 |a HC60  |b .S15 1975 
100 1 |a Sabourin, Louis. 
245 1 0 |a Analyse des politiques de cooperation internationale du Canada :  |b des projets d'aide à la stratégie de développement /  |c par Louis Sabourin. 
260 |a Ottawa, Ont. :  |b Université d'Ottawa,  |c 1975. 
300 |a 66 leaves ;  |c 29 cm. 
490 1 |a Travaux et documents de l'I.C.I. =  |a Papers and documents of the I.C.I. 
504 |a Includes bibliographical references (p. [60]-66). 
650 0 |a Economic assistance, Canadian. 
650 0 |a Economic assistance, Canadian  |z Developing countries. 
651 0 |a Canada  |x Foreign economic relations. 
730 0 |a Maurice F. Strong Papers.  |5 env 
830 0 |a Papers and documents of the I.C.I. 
988 |a 20020608 
906 |0 MH